000 00883nam a22002177a 4500
999 _c8054
_d8054
003 AR-CdUCM
008 190322b ||||| |||| 00| 0 spa d
040 _aMUNICIPALIDAD PROVINCIAL DEL CUSCO
_cBIBLIOTECA MUNICIPAL DEL CUSCO
082 _a630.8 /
_bN73
110 _aManual nacional de ingeniria
_922756
245 _aNivelación de terrenos /
260 _aMexico :
_bDina,
_c1972.
300 _a70 paginas ;
_bCuadros, tablas, ilustraciones,
_c23 cm.
440 _aColección Ingeniería de suelos
_n7
_922757
505 _aContenido : Criterios para la nivelación de terrenos -- Métodos de diseño en nivelación de terrenos -- Localización del centroide -- Calculo de rasante -- El método del perfil...
650 _aNivelación de terrenos
_922758
650 _aSuperficies planas
_922759
650 _aIngeniara de suelos
_922760
942 _2ddc
_cLIBROS
945 _awnts